महिला आत्मकथाओं में नारी दशा एवं दिशा (Record no. 66674)
[ view plain ]
| 000 -LEADER | |
|---|---|
| fixed length control field | 00429nam a22001097a 4500 |
| 082 ## - DEWEY DECIMAL CLASSIFICATION NUMBER | |
| Classification number | 300 |
| 100 ## - MAIN ENTRY--AUTHOR NAME | |
| Personal name | चोरसिया,डॉ. पूनम |
| 245 ## - TITLE STATEMENT | |
| Title | महिला आत्मकथाओं में नारी दशा एवं दिशा |
| 260 ## - PUBLICATION, DISTRIBUTION, ETC. (IMPRINT) | |
| Place of publication | कानपुर |
| Name of publisher | विकास प्रकाशन |
| Year of publication | 2023 |
| 650 ## - SUBJECT ADDED ENTRY--TOPICAL TERM | |
| Topical Term | स्त्री विमर्श |
| 942 ## - ADDED ENTRY ELEMENTS (KOHA) | |
| Koha item type | Hindi Books |
No items available.









